Google maps - UK seaside towns Quiz Stats

 Plays Quiz not verified by Sporcle

Score 0/20 Timer 20:00
0 Plays Today
% Correct
Blackpool
95.5%
Brighton
71.2%
Bournemouth
57.8%
Southend-on-Sea
50.4%
Whitby
48.3%
Bognor Regis
46.2%
Great Yarmouth
45.4%
Rhyl
42.7%
Scarborough
42%
Weston-super-Mare
40.4%
% Correct
Margate
39.1%
Eastbourne
38.3%
South Shields
38.3%
Skegness
37.5%
Newquay
31.9%
Bridlington
28.8%
Morecambe
23.7%
Clacton-on-Sea
20.8%
Tenby
19.8%
Dornoch
7.9%

You're not logged in!

Compare scores with friends on all Sporcle quizzes.
OR
Log In

You Might Also Like...

Show Comments

Extras

Created Apr 4, 2015ReportNominate
Tags:location, seaside

Top Quizzes Today


Score Distribution

Your Account Isn't Verified!

In order to create a playlist on Sporcle, you need to verify the email address you used during registration. Go to your Sporcle Settings to finish the process.

Report this User

Report this user for behavior that violates our Community Guidelines.

Details: